Kadra Polski na MŚ 1978 - Statystyki

Ogólne statystyki
  • Ten quiz został rozwiązany 160 razy
  • Średni wynik to 13 z 23
Statystyki odpowiedzi
Hint Odpowiedź % Poprawnych
16 Stal Mielec Grzegorz Lato
95%
1 ŁKS Łódź Jan Tomaszewski
94%
12 Legia Warszawa Kazimierz Deyna
94%
18 Widzew Łódź Zbigniew Boniek
94%
19 Lokeren Włodzimierz Lubański
86%
17 Stal Mielec Andrzej Szarmach
81%
6 Górnik Zabrze Jerzy Gorgoń
77%
9 Śląsk Wrocław Władysław Żmuda
77%
Trener Jacek Gmoch
72%
5 Wisła Kraków Adam Nawałka
64%
8 Stal Mielec Henryk Kasperczak
63%
4 Wisła Kraków Antoni Szymanowski
58%
7 Wisła Kraków Andrzej Iwan
48%
13 Arka Gdynia Janusz Kupcewicz
41%
15 Legia Warszawa Marek Kusto
36%
21 Stal Mielec Zygmunt Kukla
36%
10 Zagłębie Sosnowiec Wojciech Rudy
30%
20 Odra Opole Roman Wójcicki
26%
11 ŁKS Łódź Bohdan Masztaler
23%
3 Wisła Kraków Henryk Maculewicz
22%
2 Zagłębie Sosnowiec Włodzimierz Mazur
20%
14 Lech Poznań Mirosław Justek
14%
22 Zagłębie Sosnowiec Zdzisław Kostrzewa
14%
Nie znaleziono quizów pasujących do podanych kryteriów
Rozkład punktacji
Procent ludzi z każdym wynikiem
Percentyl według liczby udzielonych odpowiedzi
Twoja historia wyników
Nie rozwiązałeś tego quizu